Moslim Doctrine of God (Record no. 1901)

MARC details
000 -LEADER
fixed length control field 00573nam a2200241 a 4500
020 ## - INTERNATIONAL STANDARD BOOK NUMBER
ISBN
082 00 - DEWEY DECIMAL CLASSIFICATION NUMBER
Classification number 239
Author Cutter ZWE2
100 ## - MAIN ENTRY--AUTHOR NAME
Author name Zwemer, S M
245 ## - TITLE STATEMENT
Title Moslim Doctrine of God
260 ## - PUBLICATION, DISTRIBUTION, ETC. (IMPRINT)
Place of publication New York
Name of publisher American Tract Society
Year of publication 1905
300 ## - PHYSICAL DESCRIPTION
Number of Pages 120p
500 ## - GENERAL NOTE
General note includes index and biblioraphy
505 2# - FORMATTED CONTENTS NOTE
Formatted contents note errata et addenda
650 ## - SUBJECT ADDED ENTRY--TOPICAL TERM
Topical Term Apologetics
942 ## - ADDED ENTRY ELEMENTS (KOHA)
Koha item type Books
700 1# -
-- Zwemer, S M
Holdings
Home library Current library Date acquired Cost, normal purchase price Full call number Accession Number Koha item type
Henry Martyn Institute Library Henry Martyn Institute Library 04/19/2016 100.00 239 ZWE2 1199 E-Books
Henry Martyn Institute Library Henry Martyn Institute Library 04/19/2016 100.00 239 ZWE2 1200 Archive Book
Henry Martyn Institute Library Henry Martyn Institute Library 04/19/2016 100.00 239 ZWE2 8356 Archive Book
                   Copyright © 2026 | Henry Martyn Institute | Hyderabad | TS-500052 | INDIA | Implemented by hmi.edu.in
Hit-Count:

Powered by Koha